El conflicto positivo en la organización: cómo estimular la diversidad y crear unidad

محفوظ في:
التفاصيل البيبلوغرافية
المؤلف الرئيسي: Tjosvold, Dean (مؤلف)
التنسيق: كتاب
اللغة:الإسبانية
منشور في: Wilmington Addison-Wesley Iberoamericana 1993
الموضوعات:
الوسوم: إضافة وسم
لا توجد وسوم, كن أول من يضع وسما على هذه التسجيلة!

MARC

LEADER 00000nam a2200000 a 4500
001 UCR1108
003 CL-VaPUC
008 971212e19930000US |||||||||||||||||spa|d
082 0 4 |a 658.409  |b TJO  |2 21 
100 0 |a Tjosvold, Dean  |e author  |9 397953 
245 1 3 |a El conflicto positivo en la organización: cómo estimular la diversidad y crear unidad 
300 |a 194 p 
942 |c BK 
945 |d 19971212 00:00:00  |a rleighto 
260 |a Wilmington  |b Addison-Wesley Iberoamericana  |c 1993 
650 0 |a Administración  |9 259325 
650 7 |a CONFLICTO LABORAL  |2 CL-VaPUC  |9 354657 
650 0 |a Desarrollo organizacional  |9 356124 
650 0 |a Toma de decisiones   |9 257530 
650 7 |a GRUPOS DE TRABAJO  |2 CL-VaPUC  |9 263151 
583 |a last modification  |c 19971212 00:00:00  |k Rodrigo Vera 
999 |c 264599  |d 264597 
952 |0 0  |1 0  |4 0  |6 658_409000000000000_TJO_1993  |7 0  |8 A  |9 294936  |a BIBGIM  |b BIBGIM  |d 2019-11-19  |i 3381714  |o 658.409 TJO 1993  |p 3381714  |r 2025-01-15  |w 2019-11-19  |y BK  |k SSL 
952 |0 0  |1 0  |4 0  |6 658_409000000000000_TJO_1993  |7 0  |8 A  |9 294937  |a BIBGIM  |b BIBGIM  |d 2019-11-19  |i 3381722  |o 658.409 TJO 1993  |p 3381722  |r 2025-01-15  |w 2019-11-19  |y BK  |k SSL